Пирофитность лиственницы Гмелина с позиций жизненных стратегий; Экология; № 4

Sonraí bibleagrafaíochta
Parent link:Экология/ Российская академия наук (РАН), Уральское отделение (УрО).— , 1996-.— 0367-0597
№ 4.— 2004.— С. 259-265
Príomhchruthaitheoir: Цветков П. А.
Teanga:Rúisis
Foilsithe / Cruthaithe: 2004
Ábhair:
Formáid: MixedMaterials Caibidil leabhair
KOHA link:https://koha.lib.tpu.ru/cgi-bin/koha/opac-detail.pl?biblionumber=458453

MARC

LEADER 00000naa2a2200000 4500
001 458453
005 20231101085010.0
035 |a (RuTPU)RU\TPU\prd\122140 
035 |a RU\TPU\prd\39897 
090 |a 458453 
100 |a 20111012a2004 k y0rusy50 ca 
101 0 |a rus 
102 |a RU 
200 1 |a Пирофитность лиственницы Гмелина с позиций жизненных стратегий  |f П. А. Цветков 
320 |a Библиогр.: 25 назв. 
461 0 |0 (RuTPU)RU\TPU\prd\469  |x 0367-0597  |t Экология  |f Российская академия наук (РАН), Уральское отделение (УрО)  |d 1996- 
463 0 |0 (RuTPU)RU\TPU\prd\122136  |t № 4  |v С. 259-265  |d 2004 
610 1 |a леса криолитозоны 
610 1 |a лиственницы 
610 1 |a пирофитность 
610 1 |a жизненные стратегии 
610 1 |a Средняя Сибирь 
675 |a 630*434:630*181.43  |v 3 
700 1 |a Цветков  |b П. А. 
801 1 |a RU  |b 63413507  |c 20051123  |g PSBO 
801 2 |a RU  |b 63413507  |c 20111012  |g PSBO 
942 |c BK